| 000 | 00574nam a2200193 a 4500 | ||
|---|---|---|---|
| 005 | 20140412111301.0 | ||
| 008 | 001117s19uu xx 00 eng d | ||
| 020 | _a0-689-71111-5 | ||
| 050 |
_aM 153.7 _bH65 1973 |
||
| 100 | _aHoban, Tana | ||
| 245 |
_aOver, under and through and other spatial concepts / _cTana Hoban. |
||
| 260 |
_aNew York : _bMacmillan Pub, _c1973. |
||
| 300 | _a1 v. (unp.) | ||
| 440 | _aAlladin Books | ||
| 650 | _aSpace perception -- pictorial works | ||
| 650 | _aSpace perception -- pictorial works | ||
| 650 | _aVocabulary | ||
| 999 |
_c103410 _d103410 |
||